| 000 | 00622nam a22002057a 4500 | ||
|---|---|---|---|
| 003 | DEla salle | ||
| 005 | 20140310183012.0 | ||
| 008 | 130211t xxu||||| |||| 00| 0 eng d | ||
| 050 |
_aN 393.P4 _b.Al49 1996 |
||
| 100 | _aAlvero, Jane Stangl. | ||
| 245 |
_aAward winners : _ba visual arts registry / _cJane Stangl Alvero. |
||
| 260 |
_a[Quezon City] : _bPeso Book Foundation, _c1996. |
||
| 300 |
_a155 p. : _c28 cm. _bill. (some col.) |
||
| 521 | _aMC | ||
| 650 |
_aArt _xPhilippines |
||
| 650 |
_aArt _xPhilippines _xCompetitions |
||
| 650 |
_aArt, Philippine _x20th century |
||
| 942 |
_2lcc _cBK _kLOC |
||
| 999 |
_c18256 _d18256 |
||